| 000 | 00521nam a22001937a 4500 | ||
|---|---|---|---|
| 003 | CEME | ||
| 005 | 20210628205442.0 | ||
| 008 | 210316b xxu||||| |||| 00| 0 eng d | ||
| 020 | _a3-540-78014-9 | ||
| 040 | _c. | ||
| 082 | _a519.2 CHU'E | ||
| 100 |
_aChung, Kai Lai _960408 |
||
| 245 | _aElementary probability theory with stochastic processes | ||
| 250 | _a3RD | ||
| 260 |
_aNEW DELHI _bNAROSA PUBLISHING _c1979 |
||
| 300 | _a325P | ||
| 650 |
_aPROBABILITY THEORY-STOCHASTIC PROCESSES _975618 |
||
| 942 |
_cBK _2ddc |
||
| 999 |
_c581014 _d581014 |
||